000 00615nam a2200241 a 4500
001 nice12345678
003 IN_TiNIC
005 20260116012231.0
008 050524s1977 teha grp 000 0 eng
020 _a
_c780
082 0 0 _a297.822
_bNAS
100 _aNasr, Syyed Hossein
245 _aIsmaili Contribution to Islamic Culture
260 _aTehran
_bImperial Iranian Academy of Philosophy
_c1977
300 _a265p
500 _aincludes index and biblioraphy
505 2 _aBibliography
650 _aIsmailis
700 1 _aNasr, Syyed Hossein
902 _bSRS
942 _cBK
999 _c6190
_d6190